[Event "Budapest FS03 IM-A"]
[Site "Budapest"]
[Date "2002.03.10"]
[Round "9"]
[White "Mensch, Etienne"]
[Black "Vigh, Bela"]
[Result "0-1"]
[WhiteElo "2380"]
[BlackElo "2357"]
[PlyCount "88"]
[EventDate "2002.03.02"]
[EventType "tourn"]
[EventRounds "9"]
[EventCountry "HUN"]
[EventCategory "2"]
[SourceTitle "CBM 087 Extra"]
[Source "ChessBase"]
[SourceDate "2002.05.03"]
[SourceVersion "2"]
[SourceVersionDate "2002.08.09"]
[SourceQuality "1"]

1. d4 Nf6 2. c4 g6 3. f3 Bg7 4. e4 d6 5. Nc3 0-0 6. Be3 Nc6 7. Nge2 a6 8. Qd2 Rb8 9. h4 h5 10. Bh6 b5 11. 0-0-0 e5 12. Bxg7 Kxg7 13. d5 Na5 14. Ng3 b4 15. Nb1 Nd7 16. Qe3 Nb7 17. Be2 Nbc5 18. Nd2 a5 19. Kb1 Qf6 20. Ndf1 Qf4 21. Qf2 Nf6 22. Qe1 Ba6 23. Rg1 Ng8 24. Nh1 Bc8 25. g3 Qh6 26. g4 hxg4 27. Nhg3 Nf6 28. fxg4 Qf4 29. Nd2 Nfxe4 30. Ngxe4 Nxe4 31. h5 a4 32. Rf1 Nc3+ 33. Ka1 Qe3 34. hxg6 a3 35. Qh4 axb2+ 36. Kxb2 Nxd1+ 37. Kb1 Nc3+ 38. Ka1 Qh6 39. Qf6+ Kg8 40. gxf7+ Kh7 41. Qf3 Ra8 42. Bd3+ Kg7 43. Bb1 Nxb1 44. g5 Qg6 0-1

[Event "Budapest FS03 IM-A"]
[Site "Budapest"]
[Date "2002.03.05"]
[Round "4"]
[White "Molnar, Bela"]
[Black "Vigh, Bela"]
[Result "0-1"]
[WhiteElo "2338"]
[BlackElo "2357"]
[PlyCount "50"]
[EventDate "2002.03.02"]
[EventType "tourn"]
[EventRounds "9"]
[EventCountry "HUN"]
[EventCategory "2"]
[SourceTitle "CBM 087 Extra"]
[Source "ChessBase"]
[SourceDate "2002.05.03"]
[SourceVersion "2"]
[SourceVersionDate "2002.08.09"]
[SourceQuality "1"]

1. e4 e6 2. d4 d5 3. Nc3 Nf6 4. Bg5 Bb4 5. e5 h6 6. Bd2 Bxc3 7. bxc3 Ne4 8. Qg4 Kf8 9. h4 c5 10. Rh3 Nc6 11. Bd3 Nxd2 12. Kxd2 c4 13. Be2 b5 14. Qf4 Bd7 15. Bh5 Be8 16. Ne2 a5 17. g4 b4 18. Rb1 Rb8 19. Ke3 bxc3 20. Rxb8 Qxb8 21. Rf3 Ke7 22. Nxc3 Qb2 23. Ke2 Qxc2+ 24. Kf1 Nb4 25. Bxf7 Rf8 0-1

[Event "HUN-chT 0102"]
[Site "Hungary"]
[Date "2002.03.03"]
[Round "8"]
[White "Vigh, Bela"]
[Black "Kiss, Attila"]
[Result "1/2-1/2"]
[WhiteElo "2368"]
[BlackElo "2361"]
[PlyCount "20"]
[EventDate "2001.??.??"]
[EventType "team"]
[EventRounds "11"]
[EventCountry "HUN"]
[SourceTitle "EXT 2004"]
[Source "ChessBase"]
[SourceDate "2003.11.25"]
[SourceVersion "1"]
[SourceVersionDate "2003.11.25"]
[SourceQuality "1"]

1. d4 Nf6 2. c4 e6 3. Nf3 b6 4. Nc3 Bb7 5. a3 g6 6. Qc2 Bxf3 7. gxf3 Bg7 8. Bg5 h6 9. Bh4 Nc6 10. 0-0-0 0-0 1/2-1/2

[Event "AUT-chT2M 0102"]
[Site "Austria"]
[Date "2001.12.08"]
[Round "4.1"]
[White "Konrad, Edmund"]
[Black "Vigh, Bela"]
[Result "1/2-1/2"]
[WhiteElo "2215"]
[BlackElo "2368"]
[PlyCount "93"]
[EventDate "2001.11.02"]
[EventType "team"]
[EventRounds "11"]
[EventCountry "AUT"]
[SourceTitle "EXT 2003"]
[Source "ChessBase"]
[SourceDate "2002.11.25"]
[SourceVersion "1"]
[SourceVersionDate "2002.11.25"]
[SourceQuality "1"]

1. e4 e6 2. Qe2 Be7 3. Nf3 d5 4. d3 Nf6 5. g3 0-0 6. e5 Nfd7 7. Bg2 c5 8. 0-0 Nc6 9. Re1 Re8 10. c3 Rb8 11. d4 b5 12. Bf1 b4 13. Bf4 bxc3 14. bxc3 Qa5 15. Qe3 Ba6 16. Nbd2 Bxf1 17. Rxf1 c4 18. Rfb1 Rxb1+ 19. Nxb1 Qa4 20. Qc1 Rb8 21. Ne1 Qa5 22. Nc2 Nb6 23. Bd2 Na4 24. Kg2 Qc7 25. Nba3 Rb2 26. Qe1 a6 27. Bc1 Rb8 28. Rb1 Re8 29. Bd2 g6 30. h4 h5 31. Qe3 Bf8 32. Kh2 Qa5 33. Kg2 Rb8 34. Rxb8 Nxb8 35. g4 Nb2 36. gxh5 Bxa3 37. Nxa3 Qxa3 38. Bc1 Qxa2 39. hxg6 Qb1 40. gxf7+ Kxf7 41. Qf3+ Ke8 42. Qh5+ Kd7 43. Qf7+ Kc8 44. Qxe6+ Kc7 45. Qd6+ Kc8 46. Qe6+ Kc7 47. Qd6+ 1/2-1/2

[Event "Harkany Tenkes Cup 25th"]
[Site "Harkany"]
[Date "2001.11.26"]
[Round "8"]
[White "Fancsy, Imre"]
[Black "Vigh, Bela"]
[Result "1/2-1/2"]
[WhiteElo "2408"]
[BlackElo "2359"]
[PlyCount "44"]
[EventDate "2001.11.19"]
[EventType "swiss"]
[EventRounds "9"]
[EventCountry "HUN"]
[SourceTitle "EXT 2004"]
[Source "ChessBase"]
[SourceDate "2003.11.25"]
[SourceVersion "1"]
[SourceVersionDate "2003.11.25"]
[SourceQuality "1"]

1. c4 g6 2. d4 Bg7 3. Nc3 Nf6 4. Nf3 0-0 5. g3 d6 6. Bg2 Nc6 7. d5 Na5 8. Nd2 c5 9. 0-0 a6 10. Qc2 Rb8 11. b3 b5 12. Bb2 bxc4 13. bxc4 Bh6 14. f4 e5 15. dxe6 Bxe6 16. Nd5 Rxb2 17. Qxb2 Bg7 18. Qa3 Nxc4 19. Nxc4 Nxd5 20. Rac1 Nb4 21. Rfd1 d5 22. Kh1 Qe7 1/2-1/2

[Event "Harkany Tenkes Cup 25th"]
[Site "Harkany"]
[Date "2001.11.23"]
[Round "5"]
[White "Chetverik, Maxim"]
[Black "Vigh, Bela"]
[Result "1-0"]
[WhiteElo "2311"]
[BlackElo "2359"]
[PlyCount "71"]
[EventDate "2001.11.19"]
[EventType "swiss"]
[EventRounds "9"]
[EventCountry "HUN"]
[SourceTitle "EXT 2004"]
[Source "ChessBase"]
[SourceDate "2003.11.25"]
[SourceVersion "1"]
[SourceVersionDate "2003.11.25"]
[SourceQuality "1"]

1. d4 Nf6 2. c4 g6 3. Nf3 Bg7 4. g3 d6 5. Bg2 0-0 6. 0-0 Nc6 7. Nc3 a6 8. h3 Rb8 9. Be3 b5 10. Nd2 Bd7 11. Rc1 e5 12. dxe5 Nxe5 13. c5 d5 14. Bf4 Re8 15. Nb3 c6 16. Nd4 Ra8 17. b3 Nh5 18. Rc2 Ra7 19. e4 b4 20. Nxd5 cxd5 21. exd5 Qc8 22. Kh2 Nxf4 23. gxf4 g5 24. fxe5 Bxe5+ 25. f4 gxf4 26. Bf3 Qd8 27. Rg1+ Kh8 28. c6 Bc8 29. Re2 Qh4 30. Qf1 Rae7 31. Rxe5 Rxe5 32. d6 Re1 33. d7 Bxd7 34. cxd7 Rg8 35. Rxg8+ Kxg8 36. Qxe1 1-0

[Event "HUN-chT 0102"]
[Site "Hungary"]
[Date "2001.10.14"]
[Round "2"]
[White "Horvath, Adam"]
[Black "Vigh, Bela"]
[Result "1/2-1/2"]
[WhiteElo "2497"]
[BlackElo "2368"]
[PlyCount "119"]
[EventDate "2001.??.??"]
[EventType "team"]
[EventRounds "11"]
[EventCountry "HUN"]
[SourceTitle "EXT 2004"]
[Source "ChessBase"]
[SourceDate "2003.11.25"]
[SourceVersion "1"]
[SourceVersionDate "2003.11.25"]
[SourceQuality "1"]

1. e4 e6 2. d4 d5 3. Nc3 Nf6 4. Bg5 Bb4 5. e5 h6 6. Bd2 Bxc3 7. bxc3 Ne4 8. Qg4 Kf8 9. Bd3 Nxd2 10. Kxd2 c5 11. Nf3 Nc6 12. dxc5 Qa5 13. Qf4 Qxc5 14. Nd4 Bd7 15. Rhb1 Nd8 16. a4 Rc8 17. Rb3 a6 18. h4 Rc7 19. Qe3 Qe7 20. g3 h5 21. Ne2 g6 22. Rb4 Qc5 23. Qg5 Qe7 24. Qe3 Qc5 25. Qf4 Rg8 26. Qg5 Qe7 27. Qh6+ Rg7 28. Rf4 Kg8 29. Rf6 Nc6 30. Qf4 Qc5 31. g4 hxg4 32. h5 d4 33. h6 dxc3+ 34. Ke1 Nxe5 35. hxg7 Kxg7 36. Ng3 Be8 37. Kf1 Rd7 38. Ne4 Qd4 39. Rd1 Nf3 40. Qe3 Qe5 41. Rf4 Rd4 42. Ke2 f5 43. Ng5 Rd6 44. Nxf3 gxf3+ 45. Rxf3 Qf6 46. Bc4 Rc6 47. Qd4 g5 48. Qxf6+ Kxf6 49. Bb3 Bh5 50. Rd7 Rc5 51. Rdd3 b5 52. axb5 axb5 53. Kf1 Bxf3 54. Rxf3 e5 55. Rd3 e4 56. Rd6+ Ke5 57. Re6+ Kf4 58. Ke2 g4 59. Rg6 Rc7 60. Rb6 1/2-1/2

[Event "HUN-chT 0001"]
[Site "Hungary"]
[Date "2001.04.08"]
[Round "10"]
[White "Vigh, Bela"]
[Black "Kerek, Krisztian"]
[Result "1/2-1/2"]
[WhiteElo "2378"]
[BlackElo "2353"]
[PlyCount "86"]
[EventDate "2000.11.26"]
[EventType "team"]
[EventRounds "11"]
[EventCountry "HUN"]
[SourceTitle "EXT 2009"]
[Source "ChessBase"]
[SourceDate "2008.11.26"]
[SourceVersion "1"]
[SourceVersionDate "2008.11.26"]
[SourceQuality "1"]
[WhiteTeam "Vasas"]
[BlackTeam "Sarospatak"]
[WhiteTeamCountry "HUN"]
[BlackTeamCountry "HUN"]

1. d4 Nf6 2. Nf3 g6 3. g3 d5 4. Bg2 Bg7 5. 0-0 0-0 6. c4 dxc4 7. Na3 Nc6 8. Nxc4 Be6 9. b3 Bd5 10. Bb2 a5 11. Rc1 a4 12. bxa4 Ra6 13. Nfe5 Bxg2 14. Kxg2 Qa8 15. Nxc6 bxc6 16. Kg1 Rxa4 17. a3 Rb8 18. Ba1 Nd7 19. Qc2 e6 20. e4 Nb6 21. Nxb6 Rxb6 22. d5 Bxa1 23. Rxa1 cxd5 24. exd5 exd5 25. Qxc7 Rb3 26. Rfb1 Raxa3 27. Rxb3 Rxa1+ 28. Kg2 d4+ 29. Rb7 Qa2 30. Qd8+ Kg7 31. Qxd4+ Kh6 32. Qe3+ Kg7 33. Qe5+ Kh6 34. Qf4+ Kg7 35. Qe5+ Kh6 36. h4 Qc4 37. Qg5+ Kg7 38. Qe5+ Kh6 39. Qe3+ Kg7 40. Qe5+ Kh6 41. Qxa1 Qc6+ 42. f3 Qxb7 43. g4 Qe7 1/2-1/2

[Event "HUN-chT 0001"]
[Site "Hungary"]
[Date "2001.02.25"]
[Round "7"]
[White "Vigh, Bela"]
[Black "Lengyel, Levente"]
[Result "1/2-1/2"]
[WhiteElo "2378"]
[BlackElo "2322"]
[PlyCount "23"]
[EventDate "2000.11.26"]
[EventType "team"]
[EventRounds "11"]
[EventCountry "HUN"]
[SourceTitle "EXT 2009"]
[Source "ChessBase"]
[SourceDate "2008.11.26"]
[SourceVersion "1"]
[SourceVersionDate "2008.11.26"]
[SourceQuality "1"]
[WhiteTeam "Vasas"]
[BlackTeam "Hajduboszormeny"]
[WhiteTeamCountry "HUN"]
[BlackTeamCountry "HUN"]

1. d4 d5 2. c4 c6 3. Nc3 Nf6 4. cxd5 cxd5 5. Nf3 Nc6 6. Bf4 a6 7. e3 Bg4 8. Be2 Rc8 9. 0-0 e6 10. Rc1 Bd6 11. Bxd6 Qxd6 12. h3 1/2-1/2

[Event "HUN-chT 0001"]
[Site "Hungary"]
[Date "2001.01.21"]
[Round "5"]
[White "Vigh, Bela"]
[Black "Bokros, Albert"]
[Result "1/2-1/2"]
[WhiteElo "2378"]
[BlackElo "2479"]
[PlyCount "56"]
[EventDate "2000.11.26"]
[EventType "team"]
[EventRounds "11"]
[EventCountry "HUN"]
[SourceTitle "EXT 2009"]
[Source "ChessBase"]
[SourceDate "2008.11.26"]
[SourceVersion "1"]
[SourceVersionDate "2008.11.26"]
[SourceQuality "1"]
[WhiteTeam "Vasas"]
[BlackTeam "Postas"]
[WhiteTeamCountry "HUN"]
[BlackTeamCountry "HUN"]

1. d4 e6 2. c4 b6 3. Nc3 Bb7 4. e4 Bb4 5. Bd3 f5 6. Qh5+ g6 7. Qe2 Nf6 8. Bg5 fxe4 9. Bxe4 Bxe4 10. Bxf6 Qxf6 11. Qxe4 Nc6 12. Nf3 0-0 13. 0-0 Bxc3 14. bxc3 Qf5 15. Qe3 d6 16. Rae1 Rae8 17. Qh6 e5 18. Ng5 Qd7 19. d5 Nd8 20. Re3 Qg7 21. Qxg7+ Kxg7 22. g3 h6 23. Ne4 Nb7 24. Kg2 Na5 25. Nd2 g5 26. f3 c6 27. dxc6 Rc8 28. f4 gxf4 1/2-1/2

[Event "Erkel Memorial op"]
[Site "Gyula"]
[Date "2000.11.02"]
[Round "5"]
[White "Ardeleanu, Alin"]
[Black "Vigh, Bela"]
[Result "1/2-1/2"]
[WhiteElo "2379"]
[BlackElo "2378"]
[PlyCount "43"]
[EventDate "2000.10.??"]
[EventType "swiss"]
[EventRounds "9"]
[EventCountry "HUN"]
[SourceTitle "EXT 2004"]
[Source "ChessBase"]
[SourceDate "2003.11.25"]
[SourceVersion "1"]
[SourceVersionDate "2003.11.25"]
[SourceQuality "1"]

1. e4 e6 2. b3 d5 3. Bb2 Nf6 4. exd5 exd5 5. Qe2+ Be6 6. Nf3 Nc6 7. Ng5 Qd7 8. Nxe6 fxe6 9. d4 Bd6 10. g3 0-0 11. Bh3 Rae8 12. 0-0 Nd8 13. Nd2 c5 14. c3 Qc7 15. Rac1 e5 16. dxc5 Bxc5 17. b4 Bd6 18. c4 Bxb4 19. cxd5 Qa5 20. Nc4 Qxd5 21. a3 Bc5 22. Ne3 1/2-1/2

[Event "HUN-chT2 9900"]
[Site "Hungary"]
[Date "2000.04.02"]
[Round "11"]
[White "Vigh, Bela"]
[Black "Fodre, Sandor"]
[Result "1/2-1/2"]
[WhiteElo "2345"]
[BlackElo "2279"]
[PlyCount "32"]
[EventDate "1999.09.26"]
[EventType "team"]
[EventRounds "11"]
[EventCountry "HUN"]
[SourceTitle "EXT 2002"]
[Source "ChessBase"]
[SourceDate "2001.11.25"]
[SourceVersion "1"]
[SourceVersionDate "2001.11.25"]
[SourceQuality "1"]

1. d4 d5 2. c4 e6 3. Nc3 c6 4. e3 Nf6 5. Nf3 Nbd7 6. Qc2 Be7 7. Bd2 0-0 8. cxd5 exd5 9. Bd3 Bd6 10. 0-0 Re8 11. Rae1 Nf8 12. e4 dxe4 13. Nxe4 Nxe4 14. Bxe4 h6 15. Bc3 Be6 16. b3 Bd5 1/2-1/2

[Event "HUN-chT2 9900"]
[Site "Hungary"]
[Date "2000.03.26"]
[Round "10"]
[White "Vigh, Bela"]
[Black "Benedek, Zoltan"]
[Result "1/2-1/2"]
[WhiteElo "2345"]
[BlackElo "2153"]
[PlyCount "80"]
[EventDate "1999.09.26"]
[EventType "team"]
[EventRounds "11"]
[EventCountry "HUN"]
[SourceTitle "EXT 2002"]
[Source "ChessBase"]
[SourceDate "2001.11.25"]
[SourceVersion "1"]
[SourceVersionDate "2001.11.25"]
[SourceQuality "1"]

1. d4 d6 2. c4 e5 3. Nf3 e4 4. Nfd2 f5 5. Nc3 Nf6 6. e3 g6 7. Be2 Bg7 8. 0-0 0-0 9. Rb1 c6 10. b4 Nbd7 11. Nb3 Rf7 12. Qc2 d5 13. b5 Nf8 14. bxc6 bxc6 15. Bd2 g5 16. cxd5 cxd5 17. Nb5 Ne6 18. Ba5 Qe7 19. a3 Bf8 20. Bb4 Qd8 21. Bxf8 Kxf8 22. Qc6 Bd7 23. Qd6+ Kg8 24. Qe5 Bxb5 25. Bxb5 Ng7 26. h3 Qe7 27. Nc5 Rc8 28. Rfc1 h6 29. Ba4 Kh7 30. Rc2 Rc7 31. Rbc1 Kg6 32. Bb3 Qd8 33. Ne6 Nxe6 34. Qxe6 Rxc2 35. Rxc2 Qa5 36. Rc5 Qe1+ 37. Kh2 Qxf2 38. Bxd5 Re7 39. Qxe7 Ng4+ 40. hxg4 Qh4+ 1/2-1/2

[Event "HUN-chT2 9900"]
[Site "Hungary"]
[Date "2000.03.05"]
[Round "9"]
[White "Vigh, Bela"]
[Black "Farkas, Tibor"]
[Result "1-0"]
[WhiteElo "2345"]
[BlackElo "2288"]
[PlyCount "99"]
[EventDate "1999.09.26"]
[EventType "team"]
[EventRounds "11"]
[EventCountry "HUN"]
[SourceTitle "EXT 2002"]
[Source "ChessBase"]
[SourceDate "2001.11.25"]
[SourceVersion "1"]
[SourceVersionDate "2001.11.25"]
[SourceQuality "1"]

1. d4 Nf6 2. c4 g6 3. Nc3 d5 4. cxd5 Nxd5 5. e4 Nxc3 6. bxc3 Bg7 7. Be3 c5 8. Qd2 0-0 9. Nf3 cxd4 10. cxd4 Nc6 11. Rd1 Bg4 12. Be2 Bxf3 13. Bxf3 e6 14. 0-0 Qd7 15. d5 exd5 16. exd5 Ne5 17. Be2 b5 18. Qb4 a6 19. h3 Rfe8 20. Qb3 Qd6 21. Rc1 Rac8 22. Rfd1 Bf8 23. a4 b4 24. a5 Red8 25. f4 Nd7 26. Bf3 Nb8 27. g3 Bg7 28. Rc4 Bc3 29. Kg2 Rxc4 30. Qxc4 Nd7 31. Qc6 Nb8 32. Qxd6 Rxd6 33. Bb6 Nd7 34. Bc7 Rf6 35. Bd8 b3 36. Bxf6 Bxf6 37. d6 Kf8 38. Bb7 Nc5 39. Bc6 Bd8 40. d7 Ne6 41. Bd5 Ke7 42. Bxb3 Bxa5 43. Ra1 Bc7 44. Rxa6 Kxd7 45. Bxe6+ fxe6 46. Kf3 e5 47. fxe5 Bxe5 48. Ra7+ Bc7 49. Kg4 h6 50. h4 1-0

[Event "Erkel Memorial op"]
[Site "Gyula"]
[Date "1999.11.10"]
[Round "7"]
[White "Ardeleanu, Alin"]
[Black "Vigh, Bela"]
[Result "1/2-1/2"]
[WhiteElo "2409"]
[BlackElo "2345"]
[PlyCount "42"]
[EventDate "1999.11.??"]
[EventType "swiss"]
[EventRounds "9"]
[EventCountry "HUN"]
[SourceTitle "EXT 2004"]
[Source "ChessBase"]
[SourceDate "2003.11.25"]
[SourceVersion "1"]
[SourceVersionDate "2003.11.25"]
[SourceQuality "1"]

1. e4 e6 2. d4 d5 3. Nc3 Bb4 4. Qd3 dxe4 5. Qxe4 Nf6 6. Qh4 Bd7 7. Nge2 Bc6 8. Bg5 Be7 9. 0-0-0 Nbd7 10. Nf4 Nb6 11. Rg1 Nfd5 12. Bxe7 Qxe7 13. Qxe7+ Kxe7 14. Ncxd5+ Nxd5 15. Nd3 Bb5 16. g3 Rhd8 17. Bg2 Bxd3 18. Rxd3 c6 19. a3 Rd7 20. f4 Rad8 21. Rgd1 g6 1/2-1/2

[Event "Erkel Memorial op"]
[Site "Gyula"]
[Date "1999.11.09"]
[Round "6"]
[White "Vigh, Bela"]
[Black "Kopasz, Robert"]
[Result "1-0"]
[WhiteElo "2345"]
[BlackElo "2287"]
[PlyCount "75"]
[EventDate "1999.11.??"]
[EventType "swiss"]
[EventRounds "9"]
[EventCountry "HUN"]
[SourceTitle "EXT 2004"]
[Source "ChessBase"]
[SourceDate "2003.11.25"]
[SourceVersion "1"]
[SourceVersionDate "2003.11.25"]
[SourceQuality "1"]

1. d4 g6 2. c4 Bg7 3. Nc3 d6 4. Nf3 c6 5. g3 Nd7 6. Bg2 Ngf6 7. 0-0 0-0 8. e4 e5 9. h3 Re8 10. Re1 a6 11. Be3 b5 12. cxb5 axb5 13. a3 Bb7 14. Qc2 Rc8 15. Rad1 Qc7 16. Rc1 Qb8 17. dxe5 dxe5 18. Qb3 Ba8 19. Rcd1 Bf8 20. Ng5 Re7 21. h4 h6 22. Bh3 Rc7 23. Nf3 Re8 24. Qc2 Nb6 25. Nd2 Nfd7 26. h5 Kh7 27. Rc1 Nc8 28. Nd5 Bg7 29. Nxc7 Qxc7 30. Qd3 Nd6 31. Bxd7 Qxd7 32. Bc5 Bf8 33. hxg6+ fxg6 34. Nf1 Re6 35. Red1 Qf7 36. Rc3 Bb7 37. Qe2 b4 38. Rf3 1-0

[Event "Erkel Memorial op"]
[Site "Gyula"]
[Date "1999.11.08"]
[Round "5"]
[White "Svetushkin, Dmitry"]
[Black "Vigh, Bela"]
[Result "1-0"]
[WhiteElo "2486"]
[BlackElo "2345"]
[PlyCount "101"]
[EventDate "1999.11.??"]
[EventType "swiss"]
[EventRounds "9"]
[EventCountry "HUN"]
[SourceTitle "EXT 2004"]
[Source "ChessBase"]
[SourceDate "2003.11.25"]
[SourceVersion "1"]
[SourceVersionDate "2003.11.25"]
[SourceQuality "1"]

1. e4 e6 2. d3 c5 3. g3 Nc6 4. Bg2 g6 5. f4 d6 6. Nf3 Bg7 7. 0-0 Nge7 8. c3 0-0 9. Be3 f5 10. exf5 gxf5 11. Na3 Rb8 12. d4 b6 13. Re1 h6 14. Bf2 Nd5 15. Qd3 Nf6 16. Nh4 Ne7 17. Rad1 Ng4 18. d5 e5 19. fxe5 Nxe5 20. Qd2 Bd7 21. Be3 Kh7 22. Bf4 b5 23. Nc2 Be8 24. Bxe5 Bxe5 25. Rxe5 dxe5 26. d6 Ng8 27. Ne3 Bd7 28. Nhxf5 Bxf5 29. Nxf5 Qg5 30. Qxg5 hxg5 31. Rd5 c4 32. Rxe5 Rbe8 33. Rxe8 Rxe8 34. Bc6 Rd8 35. d7 a6 36. a4 bxa4 37. Nd6 Nf6 38. Nf7 Rxd7 39. Bxd7 Nxd7 40. Nxg5+ Kg6 41. Nf3 Kf5 42. Kf1 Nc5 43. Nd2 Nd3 44. Nxc4 Nxb2 45. Nxb2 a3 46. Nc4 a2 47. Ne3+ Ke4 48. Nc2 Kd3 49. Nb4+ Kxc3 50. Nxa2+ Kb2 51. h4 1-0

[Event "Erkel Memorial op"]
[Site "Gyula"]
[Date "1999.11.06"]
[Round "3"]
[White "Biro, Sandor"]
[Black "Vigh, Bela"]
[Result "1/2-1/2"]
[WhiteElo "2307"]
[BlackElo "2345"]
[PlyCount "57"]
[EventDate "1999.11.??"]
[EventType "swiss"]
[EventRounds "9"]
[EventCountry "HUN"]
[SourceTitle "EXT 2004"]
[Source "ChessBase"]
[SourceDate "2003.11.25"]
[SourceVersion "1"]
[SourceVersionDate "2003.11.25"]
[SourceQuality "1"]

1. e4 e6 2. d4 d5 3. Nc3 Nf6 4. Bg5 Be7 5. e5 Nfd7 6. h4 c5 7. Nb5 f6 8. Bd3 a6 9. Rh3 axb5 10. Qh5+ Kf8 11. Bh6 Nxe5 12. Bxg7+ Kxg7 13. dxe5 f5 14. Rg3+ Kf8 15. Kf1 c4 16. Be2 Nc6 17. Nf3 Qc7 18. Re1 Nd8 19. Qh6+ Ke8 20. Nd4 Kd7 21. Bh5 Qc5 22. Rg7 Rf8 23. Rxh7 Nf7 24. Bxf7 Qxd4 25. Bxe6+ Kd8 26. Bxc8 Rxc8 27. Rxe7 Kxe7 28. Qd6+ Ke8 29. Qe6+ 1/2-1/2

[Event "Erkel Memorial op"]
[Site "Gyula"]
[Date "1999.11.05"]
[Round "2"]
[White "Vigh, Bela"]
[Black "Pfeifer, Wilfried"]
[Result "1-0"]
[WhiteElo "2345"]
[BlackElo "2193"]
[PlyCount "41"]
[EventDate "1999.11.??"]
[EventType "swiss"]
[EventRounds "9"]
[EventCountry "HUN"]
[SourceTitle "EXT 2004"]
[Source "ChessBase"]
[SourceDate "2003.11.25"]
[SourceVersion "1"]
[SourceVersionDate "2003.11.25"]
[SourceQuality "1"]

1. d4 f5 2. c4 g6 3. g3 Nf6 4. Bg2 Bg7 5. Nc3 0-0 6. Nf3 d6 7. 0-0 Qe8 8. b3 Na6 9. a4 c6 10. Ba3 Ne4 11. Qc2 Nxc3 12. Qxc3 c5 13. Rad1 e5 14. dxe5 dxe5 15. Bb2 Qe7 16. Nxe5 f4 17. Bd5+ Be6 18. Nxg6 Bxc3 19. Nxe7+ Kf7 20. Bxc3 Kxe7 21. Bxb7 1-0

[Event "Hotel Agro op"]
[Site "Budapest"]
[Date "1999.08.06"]
[Round "8"]
[White "Zimmerman, Yuri"]
[Black "Vigh, Bela"]
[Result "1-0"]
[WhiteElo "2440"]
[BlackElo "2345"]
[PlyCount "99"]
[EventDate "1999.07.30"]
[EventType "swiss"]
[EventRounds "9"]
[EventCountry "HUN"]
[SourceTitle "EXT 2004"]
[Source "ChessBase"]
[SourceDate "2003.11.25"]
[SourceVersion "1"]
[SourceVersionDate "2003.11.25"]
[SourceQuality "1"]

1. d4 Nf6 2. c4 g6 3. Nc3 Bg7 4. e4 d6 5. f4 c5 6. dxc5 Qa5 7. Bd3 Qxc5 8. Nf3 Nc6 9. Qe2 Bg4 10. Be3 Qa5 11. 0-0 Nd7 12. Rac1 0-0 13. Qf2 Bxf3 14. gxf3 Nc5 15. Bb1 Na4 16. Nd1 Rac8 17. a3 Qh5 18. b4 a5 19. Qd2 axb4 20. axb4 b5 21. Bc2 Nb2 22. Nxb2 Bxb2 23. Rb1 Bg7 24. cxb5 Nd4 25. Bd1 Nxb5 26. Be2 Rc3 27. e5 dxe5 28. Bxb5 exf4 29. Bc5 Rb8 30. Be2 e6 31. Rbc1 Qg5+ 32. Kh1 Rd8 33. Qa2 h5 34. Rxc3 Bxc3 35. Rd1 Rxd1+ 36. Bxd1 Qe5 37. Qe2 Qd5 38. Bc2 f5 39. Bd3 Kf7 40. Bc4 Qc6 41. Qd3 Be5 42. Kg2 Qc8 43. Bf2 Bb8 44. b5 Kf6 45. h4 g5 46. hxg5+ Kxg5 47. Bb6 Kg6 48. Bd8 Bd6 49. Bh4 Bc5 50. Qd8 1-0

[Event "Schwarzach op-A"]
[Site "Schwarzach"]
[Date "1999.??.??"]
[Round "2"]
[White "Kjeld, Matthias"]
[Black "Vigh, Bela"]
[Result "0-1"]
[WhiteElo "2145"]
[BlackElo "2345"]
[PlyCount "86"]
[EventDate "1999.08.??"]
[EventType "swiss"]
[EventRounds "9"]
[EventCountry "AUT"]
[SourceTitle "EXT 2000"]
[Source "ChessBase"]
[SourceDate "1999.11.16"]
[SourceVersion "1"]
[SourceVersionDate "1999.11.16"]
[SourceQuality "1"]

1. d4 Nf6 2. c4 g6 3. Nc3 Bg7 4. g3 0-0 5. Bg2 d6 6. e4 Nc6 7. Nge2 e5 8. d5 Na5 9. Qd3 c5 10. f4 a6 11. 0-0 b5 12. b3 exf4 13. Bxf4 Ng4 14. Rab1 Rb8 15. Kh1 bxc4 16. bxc4 Rb4 17. Rxb4 cxb4 18. Nd1 Ne5 19. Bxe5 Bxe5 20. Nd4 Qb6 21. Nf3 Bg7 22. Ne3 Nb7 23. Nc2 a5 24. Nfd4 Nc5 25. Qd2 Ba6 26. Rc1 Re8 27. Nc6 Nxe4 28. Bxe4 Rxe4 29. c5 dxc5 30. Qg2 f5 31. Rb1 Bb7 32. Re1 Rxe1+ 33. Nxe1 Qc7 34. Qe2 Qd6 35. Qe8+ Bf8 36. Nf3 Kg7 37. Nfe5 Qxd5+ 38. Kg1 Bxc6 39. Nxc6 c4 40. Nd8 Bc5+ 41. Kf1 Qf3+ 42. Ke1 Bf2+ 43. Kd2 Qd3+ 0-1

[Event "Schwarzach op-A"]
[Site "Schwarzach"]
[Date "1999.??.??"]
[Round "7"]
[White "Shchekachev, Andrei"]
[Black "Vigh, Bela"]
[Result "1-0"]
[WhiteElo "2505"]
[BlackElo "2345"]
[PlyCount "119"]
[EventDate "1999.08.??"]
[EventType "swiss"]
[EventRounds "9"]
[EventCountry "AUT"]
[SourceTitle "EXT 2000"]
[Source "ChessBase"]
[SourceDate "1999.11.16"]
[SourceVersion "1"]
[SourceVersionDate "1999.11.16"]
[SourceQuality "1"]

1. Nf3 Nf6 2. c4 g6 3. g3 Bg7 4. Bg2 0-0 5. 0-0 d6 6. d4 Nc6 7. Nc3 a6 8. b3 Rb8 9. Nd5 Nh5 10. Bb2 e6 11. Nc3 b5 12. d5 Ne7 13. dxe6 Bxe6 14. cxb5 axb5 15. Qc2 h6 16. Rfd1 Rb6 17. e4 c5 18. Ne2 Bxb2 19. Qxb2 Kh7 20. h3 Nc8 21. Rac1 Qe7 22. Ne1 f6 23. Nd3 g5 24. Nc3 b4 25. Nd5 Bxd5 26. exd5 Ng7 27. Re1 Qf7 28. Qc2 Kh8 29. Nb2 Ra6 30. Nc4 Ne7 31. Qe2 Ng6 32. Be4 f5 33. Bb1 Qf6 34. Qd3 Ra7 35. Re2 Re7 36. Rce1 Rfe8 37. Rxe7 Rxe7 38. Rxe7 Qxe7 39. Kg2 Kg8 40. Ne3 Ne5 41. Nxf5 Qf6 42. Qe4 Nxf5 43. Qxf5 Qxf5 44. Bxf5 Kg7 45. f4 gxf4 46. gxf4 Nf7 47. Kf3 Kf6 48. Ke4 Nd8 49. Bc8 Nf7 50. Bg4 Nd8 51. h4 Nb7 52. Bc8 Nd8 53. h5 Nf7 54. Kd3 Ke7 55. Kc4 Nd8 56. Kb5 Nf7 57. Kb6 Nd8 58. Kc7 Nf7 59. Be6 Nd8 60. Bg8 1-0